Merseyside Derby XIs 2007-2012 - Statistics

General Stats
  • This quiz has been taken 88 times
  • The average score is 120 of 220
Answer Stats
Position Answer % Correct
MF Steven Gerrard Everton 1-2 LIVERPOOL (2007/08)
96%
MF Steven Gerrard LIVERPOOL 1-0 Everton (2007/08)
96%
MF Steven Gerrard Everton 0-2 LIVERPOOL (2008/09)
96%
MF Steven Gerrard LIVERPOOL 1-1 Everton (2008/09)
96%
MF Steven Gerrard Everton 0-2 LIVERPOOL (2009/10)
96%
MF Steven Gerrard LIVERPOOL 1-0 Everton (2009/10)
96%
MF Steven Gerrard Everton 2-0 LIVERPOOL (2010/11)
96%
MF Steven Gerrard LIVERPOOL 3-0 Everton (2011/12)
96%
DF Jamie Carragher Everton 1-2 LIVERPOOL (2007/08)
90%
DF Jamie Carragher LIVERPOOL 1-0 Everton (2007/08)
90%
DF Jamie Carragher Everton 0-2 LIVERPOOL (2008/09)
90%
DF Jamie Carragher LIVERPOOL 1-1 Everton (2008/09)
90%
DF Jamie Carragher Everton 0-2 LIVERPOOL (2009/10)
90%
DF Jamie Carragher LIVERPOOL 1-0 Everton (2009/10)
90%
DF Jamie Carragher Everton 2-0 LIVERPOOL (2010/11)
90%
DF Jamie Carragher Everton 0-2 LIVERPOOL (2011/12)
90%
DF Jamie Carragher LIVERPOOL 3-0 Everton (2011/12)
90%
GK Pepe Reina Everton 1-2 LIVERPOOL (2007/08)
90%
GK Pepe Reina LIVERPOOL 1-0 Everton (2007/08)
90%
GK Pepe Reina Everton 0-2 LIVERPOOL (2008/09)
90%
GK Pepe Reina LIVERPOOL 1-1 Everton (2008/09)
90%
GK Pepe Reina Everton 0-2 LIVERPOOL (2009/10)
90%
GK Pepe Reina LIVERPOOL 1-0 Everton (2009/10)
90%
GK Pepe Reina Everton 2-0 LIVERPOOL (2010/11)
90%
GK Pepe Reina LIVERPOOL 2-2 Everton (2010/11)
90%
GK Pepe Reina Everton 0-2 LIVERPOOL (2011/12)
90%
GK Pepe Reina LIVERPOOL 3-0 Everton (2011/12)
90%
FW Fernando Torres LIVERPOOL 1-0 Everton (2007/08)
82%
FW Fernando Torres Everton 0-2 LIVERPOOL (2008/09)
82%
FW Fernando Torres LIVERPOOL 1-1 Everton (2008/09)
82%
FW Fernando Torres Everton 2-0 LIVERPOOL (2010/11)
82%
FW Fernando Torres LIVERPOOL 2-2 Everton (2010/11)
82%
GK Tim Howard EVERTON 1-2 Liverpool (2007/08)
79%
GK Tim Howard Liverpool 1-0 EVERTON (2007/08)
79%
GK Tim Howard EVERTON 0-2 Liverpool (2008/09)
79%
GK Tim Howard Liverpool 1-1 EVERTON (2008/09)
79%
GK Tim Howard EVERTON 0-2 Liverpool (2009/10)
79%
GK Tim Howard Liverpool 1-0 EVERTON (2009/10)
79%
GK Tim Howard EVERTON 2-0 Liverpool (2010/11)
79%
GK Tim Howard Liverpool 2-2 EVERTON (2010/11)
79%
GK Tim Howard EVERTON 0-2 Liverpool (2011/12)
79%
GK Tim Howard Liverpool 3-0 EVERTON (2011/12)
79%
FW Luis Suárez Everton 0-2 LIVERPOOL (2011/12)
77%
FW Luis Suárez LIVERPOOL 3-0 Everton (2011/12)
77%
MF Xabi Alonso LIVERPOOL 1-0 Everton (2007/08)
77%
MF Xabi Alonso Everton 0-2 LIVERPOOL (2008/09)
77%
MF Xabi Alonso LIVERPOOL 1-1 Everton (2008/09)
77%
DF Glen Johnson Everton 0-2 LIVERPOOL (2009/10)
75%
DF Glen Johnson LIVERPOOL 2-2 Everton (2010/11)
75%
FW EVERTON 0-2 Liverpool (2009/10)
75%
MF Joe Cole Everton 2-0 LIVERPOOL (2010/11)
75%
FW Dirk Kuyt Everton 1-2 LIVERPOOL (2007/08)
73%
FW Dirk Kuyt LIVERPOOL 1-0 Everton (2007/08)
73%
MF Dirk Kuyt Everton 0-2 LIVERPOOL (2008/09)
73%
MF Dirk Kuyt LIVERPOOL 1-1 Everton (2008/09)
73%
MF Dirk Kuyt Everton 0-2 LIVERPOOL (2009/10)
73%
FW Dirk Kuyt LIVERPOOL 1-0 Everton (2009/10)
73%
FW Dirk Kuyt LIVERPOOL 2-2 Everton (2010/11)
73%
MF Dirk Kuyt Everton 0-2 LIVERPOOL (2011/12)
73%
DF Leighton Baines Liverpool 1-1 EVERTON (2008/09)
72%
DF Leighton Baines EVERTON 0-2 Liverpool (2009/10)
72%
DF Leighton Baines Liverpool 1-0 EVERTON (2009/10)
72%
DF Leighton Baines EVERTON 2-0 Liverpool (2010/11)
72%
DF Leighton Baines Liverpool 2-2 EVERTON (2010/11)
72%
DF Leighton Baines EVERTON 0-2 Liverpool (2011/12)
72%
DF Leighton Baines Liverpool 3-0 EVERTON (2011/12)
72%
DF John Arne Riise Everton 1-2 LIVERPOOL (2007/08)
69%
DF John Arne Riise LIVERPOOL 1-0 Everton (2007/08)
69%
DF Martin Škrtel LIVERPOOL 1-0 Everton (2007/08)
69%
DF Martin Škrtel Everton 0-2 LIVERPOOL (2008/09)
69%
DF Martin Škrtel LIVERPOOL 1-1 Everton (2008/09)
69%
DF Martin Škrtel Everton 2-0 LIVERPOOL (2010/11)
69%
DF Martin Škrtel LIVERPOOL 2-2 Everton (2010/11)
69%
DF Martin Škrtel Everton 0-2 LIVERPOOL (2011/12)
69%
DF Martin Škrtel LIVERPOOL 3-0 Everton (2011/12)
69%
DF Daniel Agger Everton 0-2 LIVERPOOL (2009/10)
68%
DF Daniel Agger LIVERPOOL 1-0 Everton (2009/10)
68%
DF Daniel Agger LIVERPOOL 2-2 Everton (2010/11)
68%
DF Sami Hyypiä Everton 1-2 LIVERPOOL (2007/08)
66%
DF Sami Hyypiä LIVERPOOL 1-0 Everton (2007/08)
66%
DF Sami Hyypiä LIVERPOOL 1-1 Everton (2008/09)
66%
DF Seamus Coleman EVERTON 2-0 Liverpool (2010/11)
65%
DF Seamus Coleman Liverpool 2-2 EVERTON (2010/11)
65%
DF Seamus Coleman EVERTON 0-2 Liverpool (2011/12)
65%
DF Seamus Coleman Liverpool 3-0 EVERTON (2011/12)
65%
FW Tim Cahill EVERTON 0-2 Liverpool (2008/09)
65%
FW Tim Cahill Liverpool 1-1 EVERTON (2008/09)
65%
FW Tim Cahill EVERTON 0-2 Liverpool (2009/10)
65%
MF Tim Cahill Liverpool 1-0 EVERTON (2009/10)
65%
FW Tim Cahill EVERTON 2-0 Liverpool (2010/11)
65%
FW Tim Cahill EVERTON 0-2 Liverpool (2011/12)
65%
DF Phil Jagielka EVERTON 1-2 Liverpool (2007/08)
61%
DF Phil Jagielka Liverpool 1-0 EVERTON (2007/08)
61%
DF Phil Jagielka EVERTON 0-2 Liverpool (2008/09)
61%
DF Phil Jagielka Liverpool 1-1 EVERTON (2008/09)
61%
DF Phil Jagielka EVERTON 2-0 Liverpool (2010/11)
61%
DF Phil Jagielka EVERTON 0-2 Liverpool (2011/12)
61%
DF Phil Jagielka Liverpool 3-0 EVERTON (2011/12)
61%
FW Andy Carroll Everton 0-2 LIVERPOOL (2011/12)
59%
FW Andy Carroll LIVERPOOL 3-0 Everton (2011/12)
59%
MF Javier Mascherano Everton 1-2 LIVERPOOL (2007/08)
54%
MF Javier Mascherano Everton 0-2 LIVERPOOL (2009/10)
54%
MF Javier Mascherano LIVERPOOL 1-0 Everton (2009/10)
54%
FW Ryan Babel LIVERPOOL 1-0 Everton (2007/08)
52%
MF Jordan Henderson LIVERPOOL 3-0 Everton (2011/12)
49%
MF Lucas Leiva LIVERPOOL 1-0 Everton (2007/08)
49%
MF Lucas Leiva Everton 0-2 LIVERPOOL (2009/10)
49%
MF Lucas Leiva LIVERPOOL 1-0 Everton (2009/10)
49%
MF Lucas Leiva Everton 2-0 LIVERPOOL (2010/11)
49%
MF Lucas Leiva LIVERPOOL 2-2 Everton (2010/11)
49%
MF Lucas Leiva Everton 0-2 LIVERPOOL (2011/12)
49%
FW Robbie Keane Everton 0-2 LIVERPOOL (2008/09)
49%
FW Robbie Keane LIVERPOOL 1-1 Everton (2008/09)
49%
DF Steve Finnan Everton 1-2 LIVERPOOL (2007/08)
49%
MF Marouane Fellaini EVERTON 0-2 Liverpool (2008/09)
48%
MF Marouane Fellaini EVERTON 0-2 Liverpool (2009/10)
48%
MF Marouane Fellaini Liverpool 1-0 EVERTON (2009/10)
48%
MF Marouane Fellaini Liverpool 2-2 EVERTON (2010/11)
48%
MF Marouane Fellaini EVERTON 0-2 Liverpool (2011/12)
48%
MF Marouane Fellaini Liverpool 3-0 EVERTON (2011/12)
48%
MF Mikel Arteta EVERTON 1-2 Liverpool (2007/08)
48%
MF Mikel Arteta Liverpool 1-0 EVERTON (2007/08)
48%
MF Mikel Arteta EVERTON 0-2 Liverpool (2008/09)
48%
MF Mikel Arteta Liverpool 1-1 EVERTON (2008/09)
48%
MF Mikel Arteta EVERTON 2-0 Liverpool (2010/11)
48%
MF Mikel Arteta Liverpool 2-2 EVERTON (2010/11)
48%
MF Phil Neville EVERTON 1-2 Liverpool (2007/08)
45%
MF Phil Neville Liverpool 1-0 EVERTON (2007/08)
45%
MF Phil Neville EVERTON 0-2 Liverpool (2008/09)
45%
MF Phil Neville Liverpool 1-1 EVERTON (2008/09)
45%
DF Phil Neville Liverpool 1-0 EVERTON (2009/10)
45%
MF Phil Neville EVERTON 2-0 Liverpool (2010/11)
45%
DF Phil Neville Liverpool 2-2 EVERTON (2010/11)
45%
DF Fábio Aurélio LIVERPOOL 1-1 Everton (2008/09)
44%
MF Fábio Aurélio Everton 0-2 LIVERPOOL (2009/10)
44%
MF Steven Pienaar Liverpool 1-0 EVERTON (2007/08)
44%
MF Steven Pienaar Liverpool 1-1 EVERTON (2008/09)
44%
MF Steven Pienaar EVERTON 0-2 Liverpool (2009/10)
44%
MF Steven Pienaar Liverpool 1-0 EVERTON (2009/10)
44%
MF Steven Pienaar Liverpool 3-0 EVERTON (2011/12)
44%
MF Leon Osman EVERTON 1-2 Liverpool (2007/08)
42%
MF Leon Osman Liverpool 1-0 EVERTON (2007/08)
42%
MF Leon Osman EVERTON 0-2 Liverpool (2008/09)
42%
MF Leon Osman Liverpool 1-1 EVERTON (2008/09)
42%
MF Leon Osman Liverpool 1-0 EVERTON (2009/10)
42%
MF Leon Osman EVERTON 2-0 Liverpool (2010/11)
42%
MF Leon Osman Liverpool 2-2 EVERTON (2010/11)
42%
MF Leon Osman EVERTON 0-2 Liverpool (2011/12)
42%
DF Sylvain Distin EVERTON 0-2 Liverpool (2009/10)
42%
DF Sylvain Distin Liverpool 1-0 EVERTON (2009/10)
42%
DF Sylvain Distin EVERTON 2-0 Liverpool (2010/11)
42%
DF Sylvain Distin Liverpool 2-2 EVERTON (2010/11)
42%
DF Sylvain Distin EVERTON 0-2 Liverpool (2011/12)
42%
DF Sylvain Distin Liverpool 3-0 EVERTON (2011/12)
42%
FW Yakubu Aiyegbeni EVERTON 1-2 Liverpool (2007/08)
41%
FW Yakubu Aiyegbeni Liverpool 1-0 EVERTON (2007/08)
41%
FW Yakubu Aiyegbeni EVERTON 0-2 Liverpool (2008/09)
41%
FW Yakubu Aiyegbeni EVERTON 2-0 Liverpool (2010/11)
41%
DF Tony Hibbert EVERTON 1-2 Liverpool (2007/08)
39%
DF Tony Hibbert Liverpool 1-0 EVERTON (2007/08)
39%
DF Tony Hibbert EVERTON 0-2 Liverpool (2008/09)
39%
DF Tony Hibbert Liverpool 1-1 EVERTON (2008/09)
39%
DF Tony Hibbert EVERTON 0-2 Liverpool (2009/10)
39%
DF Tony Hibbert EVERTON 0-2 Liverpool (2011/12)
39%
DF Tony Hibbert Liverpool 3-0 EVERTON (2011/12)
39%
DF Álvaro Arbeloa Everton 0-2 LIVERPOOL (2008/09)
38%
MF Charlie Adam Everton 0-2 LIVERPOOL (2011/12)
37%
FW Louis Saha Liverpool 1-0 EVERTON (2009/10)
35%
FW Louis Saha EVERTON 0-2 Liverpool (2011/12)
35%
MF Maxi Rodríguez LIVERPOOL 1-0 Everton (2009/10)
35%
MF Maxi Rodríguez Everton 2-0 LIVERPOOL (2010/11)
35%
MF Maxi Rodríguez LIVERPOOL 2-2 Everton (2010/11)
35%
DF José Enrique Everton 0-2 LIVERPOOL (2011/12)
34%
DF José Enrique LIVERPOOL 3-0 Everton (2011/12)
34%
MF Yossi Benayoun Everton 1-2 LIVERPOOL (2007/08)
34%
MF Albert Riera Everton 0-2 LIVERPOOL (2008/09)
32%
MF Albert Riera LIVERPOOL 1-1 Everton (2008/09)
32%
MF Stewart Downing Everton 0-2 LIVERPOOL (2011/12)
32%
MF Stewart Downing LIVERPOOL 3-0 Everton (2011/12)
32%
MF Raul Meireles Everton 2-0 LIVERPOOL (2010/11)
31%
MF Raul Meireles LIVERPOOL 2-2 Everton (2010/11)
31%
DF Emiliano Insúa Everton 0-2 LIVERPOOL (2009/10)
30%
DF Emiliano Insúa LIVERPOOL 1-0 Everton (2009/10)
30%
DF Joleon Lescott EVERTON 1-2 Liverpool (2007/08)
30%
DF Joleon Lescott Liverpool 1-0 EVERTON (2007/08)
30%
DF Joleon Lescott EVERTON 0-2 Liverpool (2008/09)
30%
DF Joleon Lescott Liverpool 1-1 EVERTON (2008/09)
30%
DF Joseph Yobo EVERTON 1-2 Liverpool (2007/08)
28%
DF Joseph Yobo Liverpool 1-0 EVERTON (2007/08)
28%
DF Joseph Yobo EVERTON 0-2 Liverpool (2008/09)
28%
DF Joseph Yobo EVERTON 0-2 Liverpool (2009/10)
28%
MF Mohamed Sissoko Everton 1-2 LIVERPOOL (2007/08)
28%
DF Paul Konchesky Everton 2-0 LIVERPOOL (2010/11)
27%
MF Lee Carsley Liverpool 1-0 EVERTON (2007/08)
25%
DF Martin Kelly LIVERPOOL 2-2 Everton (2010/11)
25%
DF Martin Kelly Everton 0-2 LIVERPOOL (2011/12)
25%
DF Martin Kelly LIVERPOOL 3-0 Everton (2011/12)
25%
FW David N'Gog Everton 0-2 LIVERPOOL (2009/10)
24%
FW David N'Gog LIVERPOOL 1-0 Everton (2009/10)
24%
MF Jay Spearing LIVERPOOL 2-2 Everton (2010/11)
24%
MF Jay Spearing LIVERPOOL 3-0 Everton (2011/12)
24%
DF Alan Stubbs EVERTON 1-2 Liverpool (2007/08)
23%
MF Jack Rodwell EVERTON 0-2 Liverpool (2011/12)
23%
MF Jack Rodwell Liverpool 3-0 EVERTON (2011/12)
23%
MF John Heitinga EVERTON 0-2 Liverpool (2009/10)
21%
DF John Heitinga Liverpool 1-0 EVERTON (2009/10)
21%
DF John Heitinga EVERTON 2-0 Liverpool (2010/11)
21%
DF John Heitinga Liverpool 2-2 EVERTON (2010/11)
21%
DF Andrea Dossena Everton 0-2 LIVERPOOL (2008/09)
17%
FW Andriy Voronin Everton 1-2 LIVERPOOL (2007/08)
17%
FW Victor Anichebe EVERTON 1-2 Liverpool (2007/08)
15%
FW Victor Anichebe Liverpool 1-1 EVERTON (2008/09)
15%
FW Victor Anichebe Liverpool 2-2 EVERTON (2010/11)
15%
FW Victor Anichebe Liverpool 3-0 EVERTON (2011/12)
15%
DF Sotirios Kyrgiakos LIVERPOOL 1-0 Everton (2009/10)
14%
DF Sotirios Kyrgiakos Everton 2-0 LIVERPOOL (2010/11)
14%
FW Jermaine Beckford Liverpool 2-2 EVERTON (2010/11)
13%
FW Landon Donovan Liverpool 1-0 EVERTON (2009/10)
10%
MF Diniyar Bilyaletdinov EVERTON 0-2 Liverpool (2009/10)
7%
FW Denis Stracqualursi Liverpool 3-0 EVERTON (2011/12)
3%
No matching quizzes found
Score Distribution
Percent of People with Each Score
Percentile by Number Answered
Your Score History
You have not taken this quiz